| 000 | 00523pam a2200181 a 4500 | ||
|---|---|---|---|
| 020 | _a0072896396 | ||
| 040 | _cDLC | ||
| 082 | 0 | 0 | _a781 HIL 1999 A085 Or. |
| 100 | 1 | _aWilloughby, David. | |
| 245 | 1 | 4 | _aThe world of music / |
| 250 | _a4th ed. | ||
| 260 |
_aBoston : _bMcGraw-Hill, _cc1999. |
||
| 300 |
_axv, 384 p. : _bill. ; _c26 cm. |
||
| 650 | 0 | _aMusic appreciation. | |
| 856 | 4 | 2 | _uhttp://www.loc.gov/catdir/description/mh023/98012648.html |
| 856 | 4 | 1 | _uhttp://www.loc.gov/catdir/toc/mh022/98012648.html |
| 942 | _cEK | ||
| 999 |
_c13857 _d13857 |
||